Générique Les Gummi - Paroles - Statistiques

Statistiques générales
  • Ce quiz a été pris 5 fois
  • Le résultat moyen est 9 sur 24
Statistiques - réponses
Paroles % Correct
Les {Gummi}
100%
Nos amis les {Gummi}
100%
Les {Gummi}
75%
Les {Gummi}
75%
Mais ils n'ont pas {peur}
75%
Nos amis les {Gummi}
75%
Nos amis les {Gummi}
75%
Quoi qu'on en {dise}
75%
Avec leurs chapeaux à {plumes}
50%
Chez les {Gummi}
50%
Coeurs en {or}
25%
Dans tes {rêves}
25%
ils donneraient leurs {chemises}
25%
On tremble pour {eux}
25%
Sont toujours friands de {friandises}
25%
Chaque {aventure}
0%
Courageux, {fûtés}
0%
Drôles et {mignons}
0%
Ils viendront faire la {bise}
0%
Les suspense est à la {une}
0%
Si tu es {sage}
0%
Toujours {émouvants} dans les movies
0%
Trouve en eux les {vainqueurs}
0%
Un soir par {surprise}
0%
Aucun quiz correspondant
Distribution des résultats
% des personnes avec chaque résultat
Percentile par nombre de réponses
Votre historique - résultats
Vous n’avez pas pris ce quiz